| 000 | 00520nam a2200193Ia 4500 | ||
|---|---|---|---|
| 008 | 230125s9999 xx 000 0 und d | ||
| 020 | _a81-85301-41-7 | ||
| 041 | _aeng | ||
| 082 |
_a920.71 _bNIK |
||
| 100 |
_aNikhilananda S _9113895 |
||
| 245 | _aVivekananda : a biography | ||
| 260 |
_c1964 _bAdvaita ashrama pub _aKolkata |
||
| 300 | _a392p | ||
| 500 | _aBiography(men);Literature;Biography | ||
| 650 |
_aBiography(men) _9113896 |
||
| 700 |
_aNikhilananda S _9113895 |
||
| 906 | _b7 | ||
| 999 |
_c91166 _d91166 |
||